Catecismo en ejemplos
Збережено в:
| Автор: | |
|---|---|
| Формат: | Книга |
| Мова: | Іспанська |
| Опубліковано: |
Barcelona
Políglota
1923
|
| Редагування: | 1a. ed |
| Предмети: | |
| Теги: |
Додати тег
Немає тегів, Будьте першим, хто поставить тег для цього запису!
|
MARC
| LEADER | 00000cam a2200000 a 4500 | ||
|---|---|---|---|
| 001 | UCE9663 | ||
| 003 | CL-VaPUC | ||
| 008 | 151029e19230000sp |||||||||||||||||spa|d | ||
| 082 | 0 | 4 | |a 268 |b SPI |2 21 |
| 100 | 0 | |a Spirago, Francisco |e author |9 582546 | |
| 245 | 1 | 0 | |a Catecismo en ejemplos |
| 250 | |a 1a. ed | ||
| 300 | |a v | ||
| 942 | |c BK | ||
| 945 | |d 20151029 22:28:00 |a gsalatino | ||
| 260 | |a Barcelona |b Políglota |c 1923 | ||
| 500 | |a v.1 Doctrina de la fe | ||
| 500 | |a v.2 Doctrina moral | ||
| 650 | 0 | |a Catecismo |9 333878 | |
| 650 | 0 | |a Doctrina de la Fe |9 537986 | |
| 650 | 0 | |a Moral |9 265913 | |
| 650 | 0 | |a Moral cristiana |9 464237 | |
| 583 | |a last modification |c 20151029 22:28:00 |k Rodrigo Vera | ||
| 999 | |c 361308 |d 361306 | ||
| 952 | |0 0 |1 0 |3 erd |4 0 |6 268_000000000000000_SPI_1923 |7 0 |8 P |9 471741 |a BIBTEO |b BIBTES |c TEO_FTES |h v.1 |i 5207878 |o 268 SPI 1923 |p 5207878 |r 2024-01-18 |w 2019-11-24 |y BK |z Catalogado en:20151029 |k ICR | ||
| 952 | |0 0 |1 0 |3 erd |4 0 |6 268_000000000000000_SPI_1923 |7 0 |8 P |9 471742 |a BIBTEO |b BIBTES |c TEO_FTES |h v.2 |i 5207886 |o 268 SPI 1923 |p 5207886 |r 2024-01-18 |w 2019-11-24 |y BK |z Catalogado en:20151029 |k ICR | ||